[Event "ROM-chT"]
[Site "ROM"]
[Date "1993.??.??"]
[Round "7"]
[White "Olteanu, Gabriela"]
[Black "Baumstark, Gertrude"]
[Result "1/2-1/2"]
[WhiteElo "2055"]
[BlackElo "2160"]

1.d4 d5 2.c4 dxc4 3.Nf3 Nf6 4.e3 e6 5.Bxc4 c5 6.O-O a6 7.a4 Nc6 8.Qe2 Be7
9.dxc5 Bxc5 10.e4 Nd4 11.Nxd4 Qxd4 12.Be3 Qe5 13.Bxc5 Qxc5 14.Nc3  1/2-1/2

[Event "Rostov op"]
[Site "Rostov"]
[Date "1993.??.??"]
[Round "?"]
[White "Moskalenko, Viktor"]
[Black "Yakovich, Yuri"]
[Result "0-1"]
[WhiteElo "2555"]
[BlackElo "2510"]

1.d4 d5 2.c4 dxc4 3.e3 Nf6 4.Bxc4 e6 5.Nf3 c5 6.Qe2 a6 7.dxc5 Bxc5 8.O-O b5
9.Bd3 Nc6 10.Nc3 Bb7 11.e4 Nd4 12.Nxd4 Bxd4 13.Bg5 e5 14.a4 bxa4 15.Rxa4 Qb6
16.Bxf6 Qxf6 17.Bb5+ Ke7 18.Nd5+ Bxd5 19.exd5 axb5 20.Rxd4 Rhd8 21.Rfd1 Ra4
22.R4d2 Rb4 23.d6+ Kf8 24.d7 Rd4 25.Rxd4 exd4 26.Qxb5 Qd6 27.Qd3 Qxd7 28.Qxh7 f6
29.Rd3 Qc7 30.h4 Qc1+ 31.Kh2 Qf4+ 32.Kh3 Rd5 33.Rf3 Qe5 34.Qd3 Qe6+ 35.Kh2 Qe5+
36.g3 Qe6 37.Rf4 Qe5 38.b4 Qe1 39.b5 Qb4 40.Rxd4 Qxd4 41.Qf3 Rd6 42.Qa8+ Kf7
43.Qb7+ Rd7 44.Qf3 Qb6 45.Qh5+ Kf8 46.Qh8+ Kf7 47.Qh5+ Ke7  0-1

[Event "Rostov op"]
[Site "Rostov"]
[Date "1993.??.??"]
[Round "?"]
[White "Magerramov, Elmar"]
[Black "Raetsky, Alexander"]
[Result "1-0"]
[WhiteElo "2565"]
[BlackElo "2465"]

1.d4 d5 2.c4 dxc4 3.Nf3 Nf6 4.e3 e6 5.Bxc4 c5 6.O-O a6 7.a4 Nc6 8.Qe2 cxd4
9.Rd1 Be7 10.exd4 O-O 11.Nc3 Nd5 12.Bb3 Ncb4 13.Ne5 Bd7 14.Nxd5 Nxd5 15.Rd3 Bc6
16.Rg3 Bf6 17.Bc2 g6 18.Bh6 Re8 19.Re1 Qb6 20.Rg4 Ne7 21.h4 Nf5 22.Bg5 Bg7
23.h5 Qxb2 24.h6 Bf8 25.d5 Bxd5 26.Nd7 Nxh6 27.Rh4 Be7 28.Qd2 Nf5 29.Bxe7 Rxe7
30.Rb4 Qg7 31.Nb6 Rd8 32.Bxf5 gxf5 33.Nxd5 Rxd5 34.Qxd5 exd5 35.Rxe7 Qg5
36.Re3 Qf6 37.Rxb7 f4 38.Rd3 Qe5 39.Rb1 Qe4 40.Rbd1  1-0

[Event "Skei"]
[Site "Skei"]
[Date "1993.??.??"]
[Round "1"]
[White "Djurhuus, Rune"]
[Black "Baburin, Alexander"]
[Result "1/2-1/2"]
[WhiteElo "2485"]
[BlackElo "2550"]

1.d4 d5 2.c4 dxc4 3.e3 Nf6 4.Bxc4 e6 5.Nf3 c5 6.Qe2 cxd4 7.exd4 Be7 8.Nc3 a6
9.Bg5 O-O 10.O-O b5 11.Bb3 Bb7 12.Rfe1 b4 13.Na4 Nbd7 14.Ne5 Nxe5 15.dxe5 Nd7
16.Bxe7 Qxe7 17.Qe3 Bc6 18.Rac1 Rfc8 19.Nb6 Nxb6 20.Qxb6 Qb7 21.Qxb7 Bxb7
22.f4 Kf8 23.Kf2 Ke7 24.g3 a5 25.Red1 a4 26.Rxc8 Bxc8 27.Bc4 f6 28.Rd6 fxe5
29.fxe5 Ra5 30.Rb6 Rxe5 31.Rxb4 Bd7 32.Bd3 h6 33.h4 g5 34.hxg5 hxg5 35.Bc2 Rc5
36.Bd1 Bc6 37.Ke3 Re5+ 38.Kf2 Rf5+ 39.Ke1 Re5+ 40.Kf2 Rf5+  1/2-1/2

[Event "St Petersburg op"]
[Site "St Petersburg"]
[Date "1993.??.??"]
[Round "?"]
[White "Popov, Valerij"]
[Black "Nikolaidis, Ioannis"]
[Result "1/2-1/2"]
[WhiteElo "2340"]
[BlackElo "2440"]

1.d4 d5 2.Nf3 Nf6 3.c4 dxc4 4.e3 e6 5.Bxc4 c5 6.O-O a6 7.Bd3 Nc6 8.Nc3 Qc7
9.a3 b5 10.dxc5 Bxc5 11.b4 Bd6 12.Bxb5 Bb7 13.Be2 Ne5 14.Bb2 Nxf3+ 15.Bxf3 Bxh2+
16.Kh1 Be5 17.Rc1 Qb8 18.Na4 Bxb2 19.Nxb2 O-O 20.Rc5 Ne4 21.Bxe4 Bxe4 22.Qd4 Bd5
23.Kg1 Qd8 24.Rd1 f5 25.Nd3 Qg5 26.Nf4 Bf3 27.Rdc1 Rae8 28.Qe5 h5 29.Kf1 Ba8
30.Rc7 h4 31.Rd7 Rf7 32.Rxf7 Kxf7 33.Rc7+ Kg8 34.f3 Qg3 35.Nd3 Bd5 36.Qxg3 hxg3
37.Nf4 Rd8 38.Nh5 g6 39.Nxg3 Bb3 40.Rc6 Kf7 41.Ke2 Ba4 42.Rc3 g5 43.f4 Bb5+
44.Kf3 g4+ 45.Kf2 Rd2+ 46.Kg1 Rd1+ 47.Kf2 Rd2+ 48.Kg1 Rd1+ 49.Kh2 Re1 50.Nh1 Rf1
51.Rc7+ Kg6 52.Rc5 Ra1 53.Rc3 Rf1 54.Rc5 Ra1 55.e4 fxe4 56.Re5 Rxa3 57.Rxe4 Kf6
58.Ng3 Bc6 59.Nh5+ Kf7 60.Re2 Rb3 61.Ra2 Bb5 62.Rc2 Kg6 63.Rc5 Rxb4 64.Rg5+ Kf7
65.Rxg4 a5 66.Rg7+ Kf8 67.Ra7 Be8  1/2-1/2

[Event "Rilton Cup op9394"]
[Site "Stockholm"]
[Date "1993.??.??"]
[Round "1"]
[White "Ahlander, Bjorn"]
[Black "Nordstrom, Felix"]
[Result "1/2-1/2"]
[WhiteElo "2415"]
[BlackElo "2210"]

1.d4 d5 2.c4 dxc4 3.Nf3 Nf6 4.e3 e6 5.Bxc4 c5 6.O-O a6 7.Qe2 b5 8.Bb3 Bb7
9.Rd1 Nbd7 10.Nc3 Bd6 11.e4 cxd4 12.Rxd4 Bc5 13.Rd1 Ng4 14.Rf1 O-O 15.h3 Nge5
16.Nxe5 Nxe5 17.Bf4 Qf6 18.Be3 Rac8 19.Rac1 Bxe3 20.Qxe3 Nc4 21.Qa7 Qe7 22.Bxc4 Rxc4
23.b3 Rc7 24.Qe3 Rfc8 25.Ne2 h6 26.Rxc7 Rxc7 27.Rc1 Rxc1+ 28.Nxc1 Qc7 29.f3 a5
30.Ne2 Ba6 31.Nf4 b4 32.Nh5 Qe5 33.Qb6 Be2 34.Qe3 Bb5 35.Nf4 a4 36.bxa4 Bxa4
37.Nd3 Qc3 38.Qa7 Qxd3  1/2-1/2

[Event "Rilton Cup op9394"]
[Site "Stockholm"]
[Date "1993.??.??"]
[Round "2"]
[White "Bellon Lopez, Juan Manuel"]
[Black "Brynell, Stellan"]
[Result "1/2-1/2"]
[WhiteElo "2415"]
[BlackElo "2470"]

1.d4 d5 2.Nf3 Nf6 3.c4 dxc4 4.e3 e6 5.Bxc4 c5 6.O-O a6 7.b3 b5 8.Be2 Bb7
9.a4 bxa4 10.bxa4 Nbd7 11.Nbd2 Be7 12.Bb2 O-O 13.Nc4 cxd4 14.Bxd4 Bc5 15.Rc1 Bd5
16.Nfe5 Bxd4 17.Qxd4 Nxe5 18.Nxe5 Qe7 19.Bd3 Rfd8 20.Qh4 Qd6 21.Nc4 Qb4 22.e4 Bxc4
23.Rxc4 Qb2 24.Qg3 Qd2 25.Bb1 Rab8 26.h3 Qe2 27.Rcc1 Rb4 28.Qd6 Rbb8 29.Qg3 Rb4
30.Qd6 Rbb8 31.Qg3 Rb4  1/2-1/2

[Event "EU-ch U18 Girls"]
[Site "Svitavy"]
[Date "1993.??.??"]
[Round "10"]
[White "Kadimova, Ilaha"]
[Black "Danielian, Elina"]
[Result "1/2-1/2"]
[WhiteElo "2335"]
[BlackElo "2170"]

1.d4 d5 2.c4 dxc4 3.Nf3 Nf6 4.e3 e6 5.Bxc4 c5 6.O-O a6 7.a4 Nc6 8.Qe2 cxd4
9.Rd1 Be7 10.exd4 O-O 11.Nc3 Nb4 12.Ne5 b6 13.Qf3 Ra7 14.Qg3 Nh5 15.Qh3 Nf6
16.Be3 Bb7 17.Rac1 Nfd5 18.Bd2 Ra8 19.Qg3 f5 20.Re1 Rc8 21.Bb3 Bh4 22.Qf3 Bg5
23.Qe2 Bxd2 24.Qxd2 Rf6 25.Nxd5 Nxd5 26.Rxc8 Qxc8 27.Bxd5 Bxd5 28.Rc1 Qb7
29.f3 Rf8  1/2-1/2

[Event "SWZ-chT"]
[Site "?"]
[Date "1993.??.??"]
[Round "?"]
[White "Sherwin, James T"]
[Black "Brunner, Lucas"]
[Result "0-1"]
[WhiteElo "2375"]
[BlackElo "2455"]

1.d4 d5 2.c4 dxc4 3.Nf3 Nf6 4.e3 e6 5.Bxc4 c5 6.O-O a6 7.a4 Nc6 8.Qe2 Qc7
9.Nc3 Be7 10.Rd1 O-O 11.d5 exd5 12.Nxd5 Nxd5 13.Bxd5 Bf6 14.h3 Nb4 15.e4 Nxd5
16.exd5 Bf5 17.Be3 c4 18.d6 Qd7 19.Qxc4 Bxb2 20.Ra2 Be6 21.Qc2 Bf6 22.Ra3 Rac8
23.Qd2 Bf5 24.Nd4 Be4 25.Qb2 Rfd8 26.Ne2 Bg6 27.Bb6 Re8 28.Re3 Bc2 29.Rxe8+ Rxe8
30.Rd2 Bxa4 31.Nf4 Bc6 32.Nh5 Re1+ 33.Kh2 Be5+ 34.g3 Re3 35.Qxe5  0-1

[Event "SWZ-chT"]
[Site "?"]
[Date "1993.??.??"]
[Round "?"]
[White "Costa, Jean Luc"]
[Black "Preissmann, Emmanuel"]
[Result "1/2-1/2"]
[WhiteElo "2425"]
[BlackElo "2340"]

1.d4 d5 2.c4 e6 3.Nf3 c6 4.e3 Nf6 5.Bd3 dxc4 6.Bxc4 c5 7.O-O a6 8.Qe2 b5
9.Bb3 Bb7 10.Nc3 Nbd7 11.Rd1 Qc7 12.e4 cxd4 13.Nxd4 Bb4 14.f3 O-O 15.Be3 e5
16.Nf5 Nc5 17.Nd5 Nxd5 18.Bxd5 Bxd5 19.Rxd5 Ne6 20.Rc1 Qb7 21.Rxe5 Rfd8 22.Rd1 Bf8
23.Red5 Rac8 24.Rxd8 Rxd8 25.Rxd8 Nxd8 26.Qd2 Ne6 27.Nd4 Nc5 28.Ne2 Ne6 29.g3 h6
30.h4 Qc7 31.Kg2 h5 32.Qd3 Qa5 33.Qb1 Qd8 34.Qc2 Qd7 35.Qd2 Qc6 36.Nd4 Nxd4
37.Bxd4 Qc4 38.b3 Qc6 39.Bc3 b4 40.Bb2 a5 41.Qc1 Qd7 42.Qc2 Qa7 43.Qd1 Qc5
44.Bd4 Qc6 45.Bf2 Qa6 46.Qd5 a4 47.bxa4 Qxa4 48.f4 Qc2 49.Kf3 Qc3+ 50.Be3 Qe1
51.Qc4 Qh1+ 52.Ke2 Qb1 53.Bc1 Qa1 54.e5 Qb1 55.e6 fxe6 56.Qxe6+ Kh7 57.Be3 Qc2+
58.Kf3 Qd1+ 59.Kf2 Qc2+ 60.Ke1 Qb1+ 61.Ke2 Qc2+ 62.Bd2 g6 63.Qb3 Qe4+ 64.Be3 Qg2+
65.Bf2 Qe4+  1/2-1/2

[Event "SWZ-chT"]
[Site "?"]
[Date "1993.??.??"]
[Round "?"]
[White "Costa, Jean Luc"]
[Black "Brunner, Lucas"]
[Result "1/2-1/2"]
[WhiteElo "2425"]
[BlackElo "2455"]

1.d4 d5 2.c4 dxc4 3.Nf3 Nf6 4.e3 e6 5.Bxc4 c5 6.O-O a6 7.Qe2 b5 8.Bb3 Bb7
9.Rd1 Nbd7 10.Nc3 Qb6 11.d5 exd5 12.Nxd5 Nxd5 13.Bxd5 Bxd5 14.Rxd5 Be7 15.b3 Qb7
16.e4 Nb6 17.Rh5 O-O 18.Bb2 Rfe8 19.Re1 Bf8 20.Ne5 Rad8 21.h4 Re6 22.Rf5 f6
23.Ng4 Nc8 24.e5 Ne7 25.Nxf6+ gxf6 26.Rxf6 Rxf6 27.exf6  1/2-1/2

[Event "Ufa"]
[Site "Ufa"]
[Date "1993.??.??"]
[Round "?"]
[White "Potapov, Alexander"]
[Black "Vasiliev, Rustam N"]
[Result "1/2-1/2"]
[WhiteElo "2380"]
[BlackElo "2380"]

1.d4 d5 2.c4 dxc4 3.Nf3 Nf6 4.e3 e6 5.Bxc4 c5 6.O-O cxd4 7.exd4 Be7 8.Nc3 O-O
9.Re1 Nc6 10.Bg5 Bd7  1/2-1/2

[Event "Ufa"]
[Site "Ufa"]
[Date "1993.??.??"]
[Round "?"]
[White "Golod, Vitali"]
[Black "Vasiliev, Rustam N"]
[Result "1/2-1/2"]
[WhiteElo "2485"]
[BlackElo "2380"]

1.d4 d5 2.c4 dxc4 3.Nf3 Nf6 4.e3 e6 5.Bxc4 c5 6.O-O cxd4 7.exd4 Nc6 8.Nc3 Be7
9.Qe2 O-O 10.Rd1 Nb4 11.Ne5 Bd7 12.Bg5 Bc6 13.Nxc6 bxc6 14.Rac1 Rb8 15.Bb3 Qd7
16.Bxf6 Bxf6 17.Ne4 Be7 18.Nc5 Bxc5 19.Rxc5 Rb6 20.a3 Na6 21.Ba4 Nc7 22.Qc2 Nb5
23.Bxb5 Rxb5 24.b4 a5 25.bxa5 Ra8 26.Qc3 Qd8 27.Rxc6 Rbxa5 28.Rd3 g6 29.Rc4 Qb6
30.h3 Qb1+ 31.Kh2 Qb8+ 32.Kg1 Rb5 33.Rd1 Rba5 34.Ra1 Ra4 35.Rxa4 Rxa4 36.Rd1 Qb5
37.Qf3 Qb2 38.Rd3 Kg7 39.Qe3 Ra5 40.g4 h5 41.Kg2 Qb7+ 42.Qf3 Qb2 43.Rc3 hxg4
44.hxg4 Qb6 45.Qf4 g5 46.Qe4 Qd6 47.Rh3 Rxa3 48.Qh7+ Kf8 49.Qh6+ Ke8 50.Rxa3 Qxa3
51.Qxg5 Qa8+ 52.Kg3 Qh1 53.Qf4 Kf8 54.Qf3 Qa1 55.Qf6 Qh1 56.Qd8+ Kg7 57.Qg5+ Kf8
58.Qf6 Kg8 59.f3 Qe1+ 60.Kg2 Qe2+  1/2-1/2

[Event "Voskresensk2"]
[Site "Voskresensk"]
[Date "1993.??.??"]
[Round "?"]
[White "Kiriakov, Petr"]
[Black "Mesropov, Konstantin"]
[Result "1/2-1/2"]
[WhiteElo "2385"]
[BlackElo "2370"]

1.d4 d5 2.c4 dxc4 3.e3 Nf6 4.Bxc4 e6 5.Nf3 c5 6.O-O a6 7.b3 cxd4 8.Nxd4 b5
9.Be2 Bb7 10.Bb2 Be7 11.Bf3 Ra7 12.Nc3 O-O 13.Rc1 Qa5 14.a4 b4 15.Nb1 Rd8
16.Bxb7 Rxb7 17.Qf3 Qd5 18.Nd2 Qxf3 19.N2xf3 Ne4 20.Rc4 Nc5 21.Ne5 Rd5 22.Nec6 Nxc6
23.Nxc6 Bf8 24.Nxb4 Rdd7 25.Bc3 Rbc7 26.Be5 Rb7 27.Bc3 Rbc7 28.Be5  1/2-1/2

[Event "Werfen op"]
[Site "Werfen"]
[Date "1993.??.??"]
[Round "6"]
[White "Burmakin, Vladimir"]
[Black "Lazarev, Vladimir"]
[Result "1/2-1/2"]
[WhiteElo "2460"]
[BlackElo "2440"]

1.d4 Nf6 2.Nf3 d5 3.c4 dxc4 4.e3 e6 5.Bxc4 c5 6.O-O a6 7.a4 Nc6 8.Nc3 Be7
9.Ne5 cxd4 10.Nxc6 bxc6 11.exd4 a5 12.Qf3 O-O 13.Rd1 Nd5 14.Ne4 Ba6 15.Bb3 Rb8
16.Bc2 Qc7 17.b3 e5 18.dxe5 Qxe5 19.Bd2 Bb4 20.Re1 Qb2 21.Rec1 f5 22.Bxb4 Nxb4
23.Nc5 Nxc2 24.Rab1 Qa2 25.Qc3 Nb4 26.Nxa6 Nxa6 27.Qc4+ Kh8 28.Qxa6 Rxb3
29.Rxb3 Qxb3 30.Qxa5 h6 31.h3 Qb7 32.Qc5 Ra8 33.Qxf5 Rxa4 34.Qe6 Ra6 35.Qe8+ Kh7
36.Qe4+ g6 37.h4 h5 38.Rc5 Ra1+ 39.Kh2 Qc7+ 40.g3 Qf7 41.Qc2 Ra2 42.Rxc6 Rxc2
43.Rxc2 Qb7 44.Rc4 Qa6 45.Rf4 Qf1 46.Rf3 g5 47.hxg5 Kg6 48.Rf6+ Kxg5 49.Rf4 h4
50.Rxh4 Qxf2+ 51.Kh3 Qg1 52.Rg4+ Kf5 53.Rf4+ Ke5 54.Kg4 Qh1 55.Rf5+ Ke4 56.Kg5 Qh3
57.g4 Qh7 58.Rf4+ Ke3 59.Rf5 Qg7+ 60.Kh4 Qh6+ 61.Kg3 Ke4 62.Rf2 Qd6+ 63.Kh4 Qh6+
64.Kg3 Qe3+ 65.Kg2 Qd3 66.Rf5 Qd1 67.Kg3 Qh1 68.Rf4+ Ke3 69.Rf5 Qe1+ 70.Kh3 Ke4
71.Rf7 Qe3+ 72.Kh4 Qh6+ 73.Kg3 Qh8 74.Rf5 Qb8+ 75.Kh4 Qh8+ 76.Kg5  1/2-1/2

[Event "Wiesbaden op"]
[Site "Wiesbaden"]
[Date "1993.??.??"]
[Round "3"]
[White "Matthaei, Alexander"]
[Black "Kallai, Gabor"]
[Result "1/2-1/2"]
[WhiteElo "2260"]
[BlackElo "2460"]

1.Nf3 d5 2.d4 Nf6 3.c4 dxc4 4.e3 e6 5.Bxc4 c5 6.O-O a6 7.dxc5 Bxc5 8.Qxd8+ Kxd8
9.Rd1+ Ke7 10.a3 b5 11.Be2 Nbd7 12.Nbd2 Bb7 13.b4 Bd6 14.Bb2 Nb6 15.Rac1 Na4
16.Bd4 Rhc8 17.Ne5 Nd5 18.Bf3 Rxc1  1/2-1/2

[Event "Aegina op"]
[Site "Aegina"]
[Date "1994.??.??"]
[Round "8"]
[White "Moutousis, Konstantinos"]
[Black "Nenashev, Alexander"]
[Result "0-1"]
[WhiteElo "2425"]
[BlackElo "2575"]

1.d4 d5 2.c4 dxc4 3.e3 Nf6 4.Bxc4 e6 5.Nf3 c5 6.O-O a6 7.dxc5 Bxc5 8.Qxd8+ Kxd8
9.b3 Ke7 10.Bb2 Bd7 11.Nbd2 Rc8 12.Rac1 a5 13.a3 b5 14.Be2 Ra7 15.Ne5 b4
16.a4 Rcc7 17.Nxd7 Nbxd7 18.Rc2 Bd6 19.Rxc7 Bxc7 20.Rc1 Be5 21.Bxe5 Nxe5
22.f4 Ned7 23.Rc6 Nd5 24.Nc4 Kd8 25.Nd6 Nb8 26.Rc5 Nxe3 27.Bf3 Nd7 28.Rg5 g6
29.Rb5 Nf5 30.Nc4 Nd4 31.Rxa5 Rxa5 32.Nxa5 Nc5 33.Bd1 Ne4 34.Kf1 Kc7 35.Ke1 f6
36.Nc4 Nc5 37.Nd2 Nd3+ 38.Kf1 Nxf4 39.Ne4 Nd5 40.Ke1 f5 41.Ng5 Ne3 42.Nxh7 Nxg2+
43.Kd2 e5 44.Kd3 Ne6 45.Nf6 e4+ 46.Nxe4 Ngf4+ 47.Ke3 Nd5+ 48.Kd3 fxe4+ 49.Kxe4 Nc3+
50.Ke5 Nxd1 51.Kxe6 Ne3 52.h3 g5 53.Kf6 g4 54.hxg4 Nxg4+ 55.Kf5 Nf2 56.Ke5 Kb6
57.Kd4 Ka5 58.Ke3 Nd1+ 59.Kd2 Nc3 60.Kc2 Ne4 61.Kd3 Nc5+ 62.Kc2 Kb6 63.Kb2 Nb7
64.Kc2 Kc5 65.Kd3 Na5 66.Kc2 Kd4 67.Kb2 Kd3  0-1

[Event "Antwerp op"]
[Site "Antwerp"]
[Date "1994.??.??"]
[Round "4"]
[White "Van der Sterren, Paul"]
[Black "Flear, Glenn C"]
[Result "1-0"]
[WhiteElo "2605"]
[BlackElo "2505"]

1.d4 d5 2.c4 c6 3.Nf3 e6 4.e3 Nf6 5.Bd3 dxc4 6.Bxc4 c5 7.O-O a6 8.Bd3 Nc6
9.Nc3 Qc7 10.a3 Bd7 11.dxc5 Bxc5 12.b4 Bd6 13.Bb2 Rd8 14.Rc1 Qb8 15.Ne4 Nxe4
16.Bxe4 f5 17.Ng5 Bxh2+ 18.Kh1 Be5 19.Bxc6 bxc6 20.Bxe5 Qxe5 21.f4 Qf6 22.Qd6 Qe7
23.Qc7 O-O 24.Rfd1 Qe8 25.Kg1 h6 26.Nf3 Bc8 27.Rxd8 Qxd8 28.Qxc6 Qd3 29.Qb6 Kh7
30.Rc7 Rd8 31.Kh2 Rd6 32.Qb8 Bd7 33.Qa7 Qd1 34.a4 Kh8 35.b5 axb5 36.axb5 g5
37.b6  1-0

[Event "AUT-chT"]
[Site "?"]
[Date "1994.??.??"]
[Round "?"]
[White "Lukacs, Peter"]
[Black "Klundt, Klaus"]
[Result "1-0"]
[WhiteElo "2485"]
[BlackElo "2375"]

1.d4 d5 2.c4 e6 3.Nf3 dxc4 4.e3 Nf6 5.Bxc4 c5 6.O-O Nc6 7.Nc3 a6 8.Bd3 cxd4
9.exd4 Be7 10.Bg5 O-O 11.Rc1 Bd7 12.Re1 Nb4 13.Bb1 Rc8 14.Ne5 Bc6 15.Re3 g6
16.Rg3 Nbd5 17.Bh6 Re8 18.Bxg6 fxg6 19.Nxg6 hxg6 20.Qd3  1-0

[Event "AUT-chT2S 9394"]
[Site "AUT"]
[Date "1994.??.??"]
[Round "?"]
[White "Grillitsch, Karl"]
[Black "Raffalt, Manfred"]
[Result "1/2-1/2"]
[WhiteElo "2270"]
[BlackElo "2280"]

1.d4 d5 2.c4 dxc4 3.Nf3 Nf6 4.e3 e6 5.Bxc4 c5 6.O-O a6 7.a4 Nc6 8.Qe2 Be7
9.Rd1 Qc7 10.Nc3 O-O 11.Bd2 e5 12.d5 e4 13.Nxe4 Nxe4 14.dxc6 Nxd2 15.Rxd2 Qxc6
16.Bd5  1/2-1/2

[Event "Balatonbereny op"]
[Site "Balatonbereny"]
[Date "1994.??.??"]
[Round "5"]
[White "Agamaliev, Djamil"]
[Black "Gyimesi, Zoltan"]
[Result "0-1"]
[WhiteElo "2440"]
[BlackElo "2430"]

1.d4 d5 2.Nf3 Nf6 3.c4 dxc4 4.e3 e6 5.Bxc4 c5 6.O-O a6 7.a4 Nc6 8.Qe2 Qc7
9.Nc3 Bd6 10.dxc5 Bxc5 11.e4 Ng4 12.g3 O-O 13.Bf4 e5 14.Nd5 Qd6 15.Bd2 Nf6
16.b4 Nxb4 17.Nxb4 Bxb4 18.Bxb4 Qxb4 19.Nxe5 Qe7 20.Qb2 Be6 21.Rfe1 Rac8
22.Bf1 Rc7 23.Rab1 Rfc8 24.Nd3 Bc4 25.Rbd1 b5 26.Bh3 Re8 27.axb5 axb5 28.Nb4 g6
29.Re3 Qe5 30.Qd2 Qh5 31.Kg2  0-1

[Event "Belgrade Trako"]
[Site "Belgrade"]
[Date "1994.??.??"]
[Round "1"]
[White "Nestorovic, Dejan"]
[Black "Ostojic, Nikola"]
[Result "1/2-1/2"]
[WhiteElo "2365"]
[BlackElo "2450"]

1.d4 Nf6 2.Nf3 d5 3.c4 dxc4 4.e3 e6 5.Bxc4 c5 6.O-O a6 7.a4 Nc6 8.Nc3 cxd4
9.exd4 Be7 10.Bg5 O-O 11.Re1 b6 12.Qd2 Bb7 13.Rad1 Nb4 14.Ne5 Nfd5 15.Be3 Rc8
16.Bb3 Bh4 17.g3 Be7 18.Rc1 Nf6 19.Bg5 Rc7 20.Qe2 h6 21.Bf4 Bd6 22.f3 Re8
23.Ne4 Rxc1 24.Rxc1 Nxe4 25.fxe4 Bxe5 26.dxe5 Qd4+ 27.Qe3 Qxe3+ 28.Bxe3 b5
29.axb5 axb5 30.Rc5 Bxe4 31.Rxb5 Nd5 32.Bxd5  1/2-1/2

[Event "Belgrade Trako"]
[Site "Belgrade"]
[Date "1994.??.??"]
[Round "8"]
[White "Bogdanovski, Vlatko"]
[Black "Ostojic, Nikola"]
[Result "0-1"]
[WhiteElo "2515"]
[BlackElo "2450"]

1.d4 Nf6 2.Nf3 d5 3.c4 dxc4 4.e3 e6 5.Bxc4 c5 6.O-O a6 7.a4 Nc6 8.Qe2 cxd4
9.Rd1 Be7 10.exd4 O-O 11.Nc3 Nd5 12.Bd3 Ncb4 13.Bb1 b6 14.Ne5 Bb7 15.a5 b5
16.Ne4 Rc8 17.Ra3 f5 18.Nc5 Bxc5 19.dxc5 Rxc5 20.Nd3 Nxd3 21.Qxe6+ Kh8 22.Raxd3 Rxc1
23.Rxc1 Qg5 24.Qe1 Nc3 25.f3 Qxc1 26.Qxc1 Ne2+ 27.Kf2 Nxc1 28.Rd7 Bc8  0-1

[Event "Belgrade (Women)"]
[Site "Belgrade"]
[Date "1994.??.??"]
[Round "8"]
[White "Maric, Alisa"]
[Black "Galliamova, Alisa"]
[Result "1-0"]
[WhiteElo "2415"]
[BlackElo "2450"]

1.d4 d5 2.c4 dxc4 3.Nf3 Nf6 4.e3 e6 5.Bxc4 c5 6.Qe2 Nbd7 7.O-O a6 8.a4 Qc7
9.Nc3 Bd6 10.Rd1 O-O 11.h3 b6 12.d5 Ne5 13.Nxe5 Bxe5 14.dxe6 fxe6 15.Bd2 Kh8
16.f4 Bd6 17.e4 Bxf4 18.Bxf4 Qxf4 19.e5 Nh5 20.Qxh5 Qxc4 21.Qf3 Bd7 22.Qb7 Qf4
23.Qxd7 Qf2+ 24.Kh1 Qxb2 25.Rac1 h6 26.Qxe6 Rae8 27.Qd6 Rf5 28.Nd5 Rfxe5
29.Nf4 Re4 30.Rf1 Qd4 31.Ng6+ Kh7 32.Qxb6 Qxa4 33.Qxc5 Qb3 34.Nf8+ Kg8 35.Qf5  1-0

[Event "Bern op"]
[Site "Bern"]
[Date "1994.??.??"]
[Round "9"]
[White "Barsov, Alexei"]
[Black "Brunner, Lucas"]
[Result "1/2-1/2"]
[WhiteElo "2450"]
[BlackElo "2480"]

1.d4 d5 2.c4 dxc4 3.Nf3 Nf6 4.e3 e6 5.Bxc4 c5 6.O-O a6 7.dxc5 Bxc5 8.Qxd8+ Kxd8
9.b3 Nbd7 10.Bb2 Ke7 11.Nbd2 b6 12.Rfc1 Bb7 13.Be2 Rhc8 14.Kf1 g6 15.a3 Ke8
16.Nc4 Ne4 17.Rc2 Be7 18.Rac1 b5 19.Ncd2 Nxd2+ 20.Nxd2 Rxc2 21.Rxc2 Bd6 22.Bf3 Bxf3
23.Nxf3 Nc5 24.b4 Na4 25.Be5 Be7 26.Ke2 f6 27.Bc7 Rc8 28.Kd3 Nc5+ 29.bxc5 Rxc7
30.Nd4 Rxc5 31.Rxc5 Bxc5 32.Nxe6 Bxa3 33.Nc7+ Kd7 34.Nxa6 Bd6 35.h3 Kc6 36.Kc3 f5
37.Nb4+ Bxb4+ 38.Kxb4 h5 39.h4 Kb6 40.f3 Kc6 41.e4 fxe4 42.fxe4 Kb6 43.e5 Kc6
44.e6 Kd6 45.Kxb5 Kxe6 46.Kc6 Kf5 47.Kd6 Kg4 48.Ke6 Kxh4 49.Kf6 g5 50.Kf5 Kg3
51.Kxg5 h4 52.Kh5  1/2-1/2

[Event "Biel op"]
[Site "Biel"]
[Date "1994.??.??"]
[Round "3"]
[White "Weindl, Alfred"]
[Black "Zifroni, Dov"]
[Result "1/2-1/2"]
[WhiteElo "2355"]
[BlackElo "2370"]

1.d4 d5 2.c4 dxc4 3.e3 Nf6 4.Bxc4 e6 5.Nf3 c5 6.O-O a6 7.a4 Nc6 8.Qe2 Qc7
9.Nc3 Be7 10.b3 O-O 11.Bb2 cxd4 12.exd4 Na5 13.Rfd1 Bd7 14.Ne5 Nxc4 15.bxc4 Rad8
16.Rd3 Bc8 17.Rad1 Rfe8 18.Rh3 Bf8 19.Ne4 Nxe4 20.Qxe4 f5 21.Qe2 g6 22.Rhd3 Bg7
23.Bc3 b6 24.a5 Bb7 25.axb6 Qxb6 26.Qe1 Qd6 27.Bb4 Qb8 28.Ba5 Rc8 29.Qb4 Be4
30.Qxb8 Rxb8 31.R3d2 Rec8 32.f3 Bc6 33.Ra1  1/2-1/2

[Event "Budapest FS09 IM-B"]
[Site "Budapest"]
[Date "1994.??.??"]
[Round "1"]
[White "Nguyen Anh Dung"]
[Black "Hoang Than Trang"]
[Result "1-0"]
[WhiteElo "2340"]
[BlackElo "2285"]

1.d4 d5 2.c4 dxc4 3.Nf3 Nf6 4.e3 e6 5.Bxc4 c5 6.O-O a6 7.a4 Nc6 8.Nc3 Qc7
9.d5 exd5 10.Nxd5 Nxd5 11.Bxd5 Be7 12.Bd2 O-O 13.Bc3 Bf5 14.e4 Bg6 15.Nd2 Bd6
16.h4 Ne7 17.Ba2 h5 18.Nc4 Bh2+ 19.Kh1 b5 20.e5 Bf4 21.Qf3 Bh6 22.axb5 axb5
23.Nd6 Ra4 24.Nxb5 Rxh4+ 25.Kg1 Qd7 26.Nd6 Rf4 27.Qe2 Qc6 28.Bd2 Rg4 29.f3 Rg3
30.Be1 Bf4 31.Bxg3 Bxg3 32.Bc4 h4 33.Ra6 Qc7 34.f4 Nc6 35.f5 Nd4 36.Qg4 Qd7
37.Qxg6 Ne2+ 38.Kh1 Bxe5 39.Nxf7  1-0

[Event "Budapest Statistika"]
[Site "Budapest"]
[Date "1994.??.??"]
[Round "3"]
[White "Lorincz, Istvan"]
[Black "Hoang Than Trang"]
[Result "1-0"]
[WhiteElo "2370"]
[BlackElo "2260"]

1.d4 d5 2.Nf3 Nf6 3.c4 dxc4 4.e3 e6 5.Bxc4 c5 6.O-O a6 7.Qe2 b5 8.Bb3 Bb7
9.Rd1 Qb6 10.Nc3 Nbd7 11.a4 b4 12.a5  1-0

[Event "Budapest FS04 GM"]
[Site "Budapest"]
[Date "1994.??.??"]
[Round "3"]
[White "Lukacs, Peter"]
[Black "Lugovoi, Aleksei"]
[Result "1/2-1/2"]
[WhiteElo "2485"]
[BlackElo "2425"]

1.d4 d5 2.c4 dxc4 3.Nf3 Nf6 4.e3 e6 5.Bxc4 c5 6.O-O a6 7.Bd3 Nbd7 8.Re1 Qc7
9.e4 cxd4 10.e5 Nd5 11.a3 b5 12.Nbd2 Nc5 13.Bf1 d3 14.Nb3 Nxb3 15.Qxb3 Qc4
16.Qxd3  1/2-1/2

[Event "Budapest FS08 IM"]
[Site "Budapest"]
[Date "1994.??.??"]
[Round "4"]
[White "Vigh, Bela"]
[Black "Petran, Pal"]
[Result "1/2-1/2"]
[WhiteElo "2405"]
[BlackElo "2480"]

1.d4 d5 2.c4 dxc4 3.Nf3 Nf6 4.e3 e6 5.Bxc4 c5 6.O-O a6 7.Qe2 Nc6 8.Rd1 b5
9.dxc5 Qc7 10.Bd3 Bxc5 11.a3 Bb7 12.b4 Be7 13.Bb2 O-O 14.Nbd2 Rac8 15.Rac1 Qb8
16.Nb3 Qa8 17.Ng5 g6 18.Nc5 Nb8 19.Bd4 h6 20.Nxb7 Qxb7 21.Rxc8 Rxc8 22.Qb2 Nbd7
23.Nf3 Ne8 24.Qb1 Nf8 25.Rc1 Bf6 26.Bxf6 Nxf6 27.Rxc8 Qxc8 28.Qb2 N8d7 29.h3 Qc7
30.a4 bxa4 31.Bxa6 Nd5 32.Nd4 Qc3 33.Qc2 N7b6 34.Qxc3 Nxc3 35.Nc2 Nbd5 36.Kf1 Kf8
37.Ke1 Ke7 38.Kd2 Na2 39.Bb5 Nac3 40.Bc6 Kd6 41.Be8 Ke7 42.Bc6 f5 43.f3 Kd6
44.Be8 g5 45.Kd3 Na2 46.Bxa4 Naxb4+ 47.Nxb4 Nxb4+ 48.Ke2 Nd5 49.Bb3 f4 50.e4 Nb4
51.Bc4 Nc2 52.Kf2 Ke5 53.Bb3 Nd4 54.Ba4 Kf6 55.Be8 Nb3 56.Ba4 Nc5 57.Be8 Ke7
58.Bb5 Kd6 59.Ke2 e5 60.Bc4 Nd7 61.Kf2 Nf6 62.Ba6 h5 63.Bc8 Kc5 64.Be6 Kd4
65.Bc8  1/2-1/2

[Event "Budapest FS12 GM"]
[Site "Budapest"]
[Date "1994.??.??"]
[Round "6"]
[White "Lukacs, Peter"]
[Black "Volzhin, Alexander"]
[Result "1/2-1/2"]
[WhiteElo "2490"]
[BlackElo "2425"]

1.d4 d5 2.c4 dxc4 3.e3 e6 4.Bxc4 Nf6 5.Nf3 c5 6.O-O a6 7.Bd3 Nbd7 8.Re1 cxd4
9.exd4 Be7 10.Nc3 b5 11.d5 Nc5 12.Ne5 Bb7 13.dxe6 Nxe6 14.Be3  1/2-1/2

[Event "Budapest FS04 IM-B"]
[Site "Budapest"]
[Date "1994.??.??"]
[Round "6"]
[White "Barth, Rainer"]
[Black "Hoang Than Trang"]
[Result "1/2-1/2"]
[WhiteElo "2285"]
[BlackElo "2260"]

1.d4 d5 2.c4 dxc4 3.Nf3 Nf6 4.e3 e6 5.Bxc4 c5 6.O-O a6 7.Qe2 b5 8.Bb3 Bb7
9.a4 b4 10.Rd1 Nbd7 11.a5 cxd4 12.exd4 Be7 13.Nbd2 O-O 14.Ng5 Bd5 15.Bxd5 exd5
16.Nb3 Bd6 17.Be3 Re8 18.Qf3 Qb8 19.Qh3 h6 20.Nf3 Bf4 21.Bxf4  1/2-1/2

[Event "Budapest FS02 IM-A"]
[Site "Budapest"]
[Date "1994.??.??"]
[Round "7"]
[White "Skomorokhin, Roman"]
[Black "Hoang Than Trang"]
[Result "1/2-1/2"]
[WhiteElo "2395"]
[BlackElo "2260"]

1.d4 d5 2.c4 dxc4 3.Nf3 Nf6 4.e3 e6 5.Bxc4 c5 6.O-O a6 7.dxc5 Qxd1 8.Rxd1 Bxc5
9.Nbd2 O-O 10.Be2 Nbd7 11.Nb3 Be7 12.Nfd4 Nb6 13.Na5 Nbd5 14.f3 Bd8 15.Nab3 e5
16.Nc2 Bb6 17.Kf1 Be6 18.e4 Ne7 19.Bg5 Rac8 20.Ne3 Ng6 21.Nd5 Bxd5 22.exd5 Rfd8
23.Rac1  1/2-1/2

[Event "Budapest Spring op"]
[Site "Budapest"]
[Date "1994.??.??"]
[Round "8"]
[White "Lehmann, Heinz Dr"]
[Black "Bystrov, Sergej"]
[Result "1/2-1/2"]
[WhiteElo "2280"]
[BlackElo "2375"]

1.d4 d5 2.c4 dxc4 3.Nf3 Nf6 4.e3 e6 5.Bxc4 c5 6.O-O a6 7.Qe2 b5 8.Bb3 Bb7
9.Rd1 Nbd7 10.Nc3 Qb6 11.d5 exd5 12.Nxd5 Nxd5 13.Bxd5 Bxd5 14.Rxd5 Be7 15.e4 Qb7
16.Bg5 Nb6 17.Rdd1 f6 18.Bf4 O-O 19.Nh4 Rfe8 20.Nf5 Bf8 21.f3 Rad8 22.Qf2 c4
23.Qg3 Na4 24.Bc7 Rxd1+ 25.Rxd1 Qc6  1/2-1/2